[Event "Amposta Calbet Memorial"]
[Site "Amposta"]
[Date "2016.06.04"]
[Round "8"]
[White "Vila Cairo, Gerard"]
[Black "Asensio Gil, Jesus"]
[Result "1-0"]
[WhiteElo "1986"]
[BlackElo "1908"]
[PlyCount "45"]
[EventDate "2016.04.16"]
[EventType "swiss"]
[EventRounds "8"]
[EventCountry "ESP"]
[SourceTitle "CBM 172 Extra"]
[Source "ChessBase"]
[SourceDate "2016.06.21"]
[SourceVersion "1"]
[SourceVersionDate "2016.06.21"]
[SourceQuality "1"]

1. e4 c5 2. a3 e5 3. b4 Nf6 4. Nf3 Qc7 5. Bb2 Nc6 6. Nc3 Nd4 7. Nb5 Nxb5 8. Bxb5 cxb4 9. Bxe5 Qb6 10. Qe2 Be7 11. axb4 0-0 12. Bd4 Qc7 13. c3 d6 14. 0-0 Bg4 15. Qe3 a6 16. Bb6 Qc8 17. Ba4 Nd7 18. Bd4 f6 19. Bb3+ Kh8 20. Nh4 Re8 21. f3 Bh5 22. g4 g5 23. Qxg5 1-0

[Event "Amposta Calbet Memorial"]
[Site "Amposta"]
[Date "2016.04.23"]
[Round "2"]
[White "Asensio Gil, Jesus"]
[Black "Bru Rullo, Llatzer"]
[Result "0-1"]
[WhiteElo "1908"]
[BlackElo "2199"]
[PlyCount "42"]
[EventDate "2016.04.16"]
[EventType "swiss"]
[EventRounds "8"]
[EventCountry "ESP"]
[SourceTitle "CBM 172 Extra"]
[Source "ChessBase"]
[SourceDate "2016.06.21"]
[SourceVersion "1"]
[SourceVersionDate "2016.06.21"]
[SourceQuality "1"]

1. e4 e5 2. Nf3 Nc6 3. Bc4 Bc5 4. 0-0 Nf6 5. Nc3 d6 6. h3 h6 7. d3 g5 8. Nh2 Be6 9. Bxe6 fxe6 10. Be3 Qe7 11. Bxc5 dxc5 12. Ng4 h5 13. Nxf6+ Qxf6 14. g3 0-0-0 15. Nb5 a6 16. Na3 Nd4 17. Kg2 Rdf8 18. f3 h4 19. c3 hxg3 20. cxd4 Rxh3 21. Rh1 Rxh1 0-1

[Event "Tarragona Calbet Memorial"]
[Site "Tarragona"]
[Date "2013.04.20"]
[Round "2"]
[White "Esplugas Esteve, Vicenc"]
[Black "Asensio Gil, Jesus"]
[Result "1-0"]
[WhiteElo "2256"]
[BlackElo "1907"]
[PlyCount "75"]
[EventDate "2013.04.13"]
[EventType "swiss"]
[EventRounds "8"]
[EventCountry "ESP"]
[SourceTitle "EXT 2014"]
[Source "ChessBase"]
[SourceDate "2013.11.20"]
[SourceVersion "1"]
[SourceVersionDate "2013.11.20"]
[SourceQuality "1"]

1. d4 d5 2. c4 e5 3. dxe5 d4 4. Nf3 Nc6 5. a3 Bg4 6. Nbd2 Nge7 7. Qb3 Rb8 8. h3 Bxf3 9. Nxf3 Ng6 10. g3 Ncxe5 11. Nxe5 Nxe5 12. Qb5+ Nc6 13. Bg2 Qd7 14. Bf4 Bd6 15. Bxc6 Qxc6 16. Bxd6 cxd6 17. 0-0-0 Ke7 18. Qxc6 bxc6 19. Rxd4 Rb3 20. Rhd1 Rhb8 21. R1d2 Rd8 22. e4 Ke6 23. c5 d5 24. Ra4 Rb5 25. b4 a5 26. Rxa5 Rxa5 27. bxa5 Ra8 28. exd5+ cxd5 29. c6 Kd6 30. c7 Kxc7 31. Rxd5 Kc6 32. Rf5 Ra7 33. a4 g6 34. Rb5 Re7 35. Kc2 f5 36. Kb3 Rf7 37. Kb4 Re7 38. a6 1-0